|
|
|
|
| LEADER |
01803nem a2200409 a 4500 |
| 001 |
mzk03001179037 |
| 003 |
CZ BrMZK |
| 005 |
20130925112853.0 |
| 007 |
aj|canzn |
| 008 |
090529q18101830au d||||||a|||r|0|||ger|d |
| 034 |
1 |
|
|a a
|b 800000
|d E0133900
|e E0163000
|f N0474900
|g N0455115
|
| 040 |
|
|
|a BOE950
|b cze
|
| 043 |
|
|
|a e-au---
|
| 072 |
|
7 |
|a 912:904
|x Staré mapy
|2 Konspekt
|9 7
|
| 080 |
|
|
|a 025.171
|2 MRF
|
| 080 |
|
|
|a (436.4)
|2 MRF
|
| 080 |
|
|
|a (084.3)
|2 MRF
|
| 245 |
0 |
0 |
|a Steyermark
|h [kartografický dokument].
|n 6.
|
| 255 |
|
|
|a Měřítko [ca1:800 000]. 7,4 cm = 8 Maasstab von 8 geograph. Meilen. 10 cm = Milliaria Germanica Communia her linea 3 continet
|c (013°39´00" v.d.--016°30´00" v.d./047°49´00" s.š.--045°51´15" s.š.)
|
| 260 |
|
|
|a [Wien :
|b Im Verlage des k. k. Schulbücher-Verschleisses,
|c mezi 1810 a 1830]
|
| 300 |
|
|
|a 1 mapa :
|b mědirytina, ručně kolorovaná ;
|c 29,5 x 40 cm, na listu 37,5 x 46 cm
|
| 500 |
|
|
|a U dolního okraje pod mapou privilegium a cena: S.B.V. Adm. - 20 Kr. W.W. ; C.P.S.C.R.A.M.
|
| 510 |
4 |
|
|a Dörflinger, J. Österreichische Karten des frühen 19. Jahrhunderts,
|c s. 745-747
|
| 561 |
|
|
|a Provenience: [stará signatura] 89.4.
|
| 561 |
|
|
|a Provenience: [m.p.] Steiermark S 89
|
| 650 |
0 |
7 |
|a historické knihovní fondy
|7 ph172933
|2 czenas
|
| 655 |
|
7 |
|a staré mapy
|7 fd674099
|2 czenas
|
| 651 |
|
7 |
|a Štýrsko (Rakousko)
|7 ge131557
|2 czenas
|
| 700 |
1 |
|
|a Reißer, Franz,
|d 1771-1836
|7 xx0087884
|4 aut
|
| 910 |
|
|
|e BOE950
|c R - DCCLXVIII (I.II.a)
|
| 978 |
|
|
|b Verlage der k.k. Schulbücher-Verschleiß-Administration
|a Wien
|c 1810-1830
|
| 984 |
|
|
|a Vídeň
|b Rakousko
|
| 985 |
|
|
|a 1801-1850
|
| 990 |
|
|
|a MP
|
| 996 |
|
|
|e BOE950
|c R - DCCLXVIII (I.II.a)
|
| 991 |
|
|
|k rajhrad
|
| 980 |
|
|
|c 290878
|g R - DCCLXVIII (I.II.a)
|d 20090529
|t 5
|1 328100290878
|z KR
|